000 00326nam a2200133Ia 4500
005 20260328104318.0
008 260328s9999||||xx |||||||||||||| ||und||
100 _aHigueras, Fernando
245 0 _aDesDe el Origen /
_cFernando Higueras
260 _bFundación ICO
300 _a447 p.
650 _aFOTOGRAFÍA
942 _cBK
999 _c11248
_d11248